কাব্যনির্মাণকলা আরিস্টটল / (Record no. 41479)
[ view plain ]
| 000 -LEADER | |
|---|---|
| fixed length control field | 00905nam a2200229 a 4500 |
| 001 - CONTROL NUMBER | |
| control field | 41479 |
| 003 - CONTROL NUMBER IDENTIFIER | |
| rucl marc code | BD-RjUL |
| 005 - DATE AND TIME OF LATEST TRANSACTION | |
| control field | 20211209053408.0 |
| 008 - FIXED-LENGTH DATA ELEMENTS--GENERAL INFORMATION | |
| fixed length control field | 160531s1976 bg ||||| b||| 00| 0 ben d |
| 020 ## - INTERNATIONAL STANDARD BOOK NUMBER | |
| Terms of availability | : TK 15.00 |
| 035 ## - SYSTEM CONTROL NUMBER | |
| System control number | (BD-RjUL)41597 |
| 040 ## - CATALOGING SOURCE | |
| Original cataloging agency | BD-RjUL |
| Language of cataloging | ben |
| Transcribing agency | BD-RjUL |
| 041 ## - LANGUAGE CODE | |
| Language code of text/sound track or separate title | ben |
| 082 ## - DEWEY DECIMAL CLASSIFICATION NUMBER | |
| Edition number | 23 |
| Classification number | 181.09 |
| Author mark and year | MUK 1976 |
| 100 ## - MAIN ENTRY--PERSONAL NAME | |
| Personal name | মুখোপাধ্যায়, সুনীলকুমার |
| 9 (RLIN) | 118659 |
| 245 10 - TITLE STATEMENT | |
| Title | কাব্যনির্মাণকলা আরিস্টটল / |
| Statement of responsibility, etc. | সুনীলকুমার মুখোপাধ্যায় |
| 260 ## - PUBLICATION, DISTRIBUTION, ETC. (IMPRINT) | |
| Place of publication, distribution, etc. | ঢাকা : |
| Name of publisher, distributor, etc. | মুক্তধারা, |
| Date of publication, distribution, etc. | ১৯৭৬ |
| 300 ## - PHYSICAL DESCRIPTION | |
| Pagination | ১৭৫ পৃ. ; |
| Size | ২১ সেমি. |
| 650 ## - SUBJECT ADDED ENTRY--TOPICAL TERM | |
| Topical term or geographic name as entry element | দার্শনিক |
| General subdivision | ইতিহাস ও সমালোচনা |
| 9 (RLIN) | 127488 |
| Topical term or geographic name as entry element | Traveller |
| General subdivision | History & Criticism |
| 9 (RLIN) | 127489 |
| 942 ## - ADDED ENTRY ELEMENTS (KOHA) | |
| Source of classification or shelving scheme | Dewey Decimal Classification |
| Koha item type | Books |
| Lost status | Source of classification or shelving scheme | Damaged status | Not for loan | Collection code | Permanent Location | Current Location | Shelving location | Date acquired | Source of acquisition | Cost, normal purchase price | Total Checkouts | Full call number | Date last seen | Date checked out | Copy number | Koha item type |
|---|---|---|---|---|---|---|---|---|---|---|---|---|---|---|---|---|
| Dewey Decimal Classification | Non-fiction | Central Library, University of Rajshahi | Central Library, University of Rajshahi | 29/06/1981 | Ureka , Rajshahi | 15.00 | 2 | B 181.09 MUK 1976 | 13/10/2025 | 08/10/2025 | C-2 | Books | ||||
| Dewey Decimal Classification | Non-fiction | Central Library, University of Rajshahi | Central Library, University of Rajshahi | 30/06/1981 | Ureka Book Akademi, Rajshahi | 15.00 | B 181.09 MUK 1976 | 01/06/2016 | C-3 | Books | ||||||
| Dewey Decimal Classification | Not For Loan | Non-fiction | Central Library, University of Rajshahi | Central Library, University of Rajshahi | Reading Room | 29/06/1981 | Eubora, Rajshahi. | 15.00 | B 181.09 MUK 1976 | 05/03/2017 | C-1 | Books |